Teoría de la reproducción y de la acumulación
Guardado en:
| Autor principal: | |
|---|---|
| Formato: | Texto |
| Publicado: |
Barcelona:
Ariel
|
| Etiquetas: |
Agregar Etiqueta
Sin Etiquetas, Sea el primero en etiquetar este registro!
|
MARC
| LEADER | 00000 a a2200000 04500 | ||
|---|---|---|---|
| 001 | 23871 | ||
| 003 | |||
| 040 | |||
| 020 | |a 84-344-1955-6 | ||
| 090 | |a 168900 | ||
| 100 | |a Lange, Oskar | ||
| 245 | |a Teoría de la reproducción y de la acumulación | ||
| 260 | |a Barcelona: |b Ariel | ||
| 300 | |a 226 p | ||
| 999 | |c 12536 |d 12536 | ||



